000 00272nam a22001217a 4500
008 171031b xxu||||| |||| 00| 0 eng d
041 _aeng
080 _a33
100 _a58
101 _aBUS
245 _aCONTEMPORARY BUSINESS WRITING
_cADELSTEIN, M.E
942 _2udc
_cBK
999 _c36673
_d36673